Govt. of
Madhya Pradesh

डाइनैमिक मेमोरी पॉवर (Record no. 30398)

MARC details
000 -LEADER
fixed length control field 006000000a22001810004500
003 - CONTROL NUMBER IDENTIFIER
control field MACL
005 - DATE AND TIME OF LATEST TRANSACTION
control field 20160608115845.0
008 - FIXED-LENGTH DATA ELEMENTS--GENERAL INFORMATION
fixed length control field 160608b xxu||||| |||| 00| 0 eng d
040 ## - CATALOGING SOURCE
Original cataloging agency MACL
Transcribing agency MACL
041 ## - LANGUAGE CODE
Language code of text/sound track or separate title Hindi
082 ## - DEWEY DECIMAL CLASSIFICATION NUMBER
Classification number 080 GUP
100 ## - MAIN ENTRY--PERSONAL NAME
Personal name गुप्‍ता, एन. के
9 (RLIN) 62923
245 ## - TITLE STATEMENT
Title डाइनैमिक मेमोरी पॉवर
Statement of responsibility, etc. एन. के. गुप्‍ता
260 ## - PUBLICATION, DISTRIBUTION, ETC. (IMPRINT)
Name of publisher, distributor, etc. अनु प्रकाशन
Date of publication, distribution, etc. 2001
Place of publication, distribution, etc. नई दिल्‍ली
350 ## - PRICE (NR) (BK AM CF MU VM SE) [OBSOLETE]
Price 140
650 ## - SUBJECT ADDED ENTRY--TOPICAL TERM
Topical term or geographic name as entry element सामान्‍यवर्ग
9 (RLIN) 48646
942 ## - ADDED ENTRY ELEMENTS (KOHA)
Koha item type Hindi Books
Call number prefix 100
Source of classification or shelving scheme
Holdings
Withdrawn status Lost status Source of classification or shelving scheme Damaged status Not for loan Home library Current library Date acquired Cost, normal purchase price Total Checkouts Total Renewals Full call number Barcode Date last seen Date last checked out Uniform Resource Identifier Price effective from Koha item type
          MACL MACL 08/06/2016 140.00 7 2 080 GUP CLH021327 21/09/2024 14/09/2024 30446 15/04/2015 Books
          MACL MACL 21/07/2016 100.00 1 1 080 GUP CRH032213 06/11/2025 10/10/2025   21/07/2016 Hindi Books